| 000 -LEADER |
| fixed length control field |
00479nam a22001697a 4500 |
| 008 - FIXED-LENGTH DATA ELEMENTS--GENERAL INFORMATION |
| fixed length control field |
150521b xxu||||| |||| 00| 0 eng d |
| 020 ## - INTERNATIONAL STANDARD BOOK NUMBER |
| International Standard Book Number |
9780323040587 |
| 020 ## - INTERNATIONAL STANDARD BOOK NUMBER |
| International Standard Book Number |
0323040586 |
| 041 0# - LANGUAGE CODE |
| Language code of text/sound track or separate title |
eng |
| 080 ## - UNIVERSAL DECIMAL CLASSIFICATION NUMBER |
| Universal Decimal Classification number |
615 |
| 100 ## - Rafti |
| Rafti |
Elsevier, Mosby |
| 245 00 - TITLE STATEMENT |
| Title |
Mosby's Drug Consult : |
| Statement of responsibility, etc |
Elsevier, Mosby |
| 300 ## - |
| -- |
142, 3034, 139, 81 f. ; |
| -- |
me il. ; |
| -- |
28 cm. |
| -- |
1 CD-ROM |
| 650 #0 - |
| -- |
Mjekësi |
| 650 #0 - |
| -- |
Barnat |
| 942 ## - ADDED ENTRY ELEMENTS (KOHA) |
| Source of classification or shelving scheme |
|
| Item type |
Books |